Jan Józef Lipski z perspektywy XXI wieku

Titel: Jan Józef Lipski z perspektywy XXI wieku / Instytut Pamie̢ci Narodowej, Komisja Ścigania Zbrodni Przeciwko Narodowi Polskiemu. Pod red. Konrada Rokickiego
Beteiligt:
Veröffentlicht: Warszawa : Instytut Pamie̢ci Narodowej, Komisja Ścigania Zbrodni Przeciwko Narodowi Polskiemu, 2012
Umfang: 166 S. : Ill.
Format: Buch
Sprache: Polnisch
Schlagworte:
ISBN: 8376293648 ; 9788376293646
Buchumschlag
X
Lokale Klassifikation: 2 L 1298
alg: 31833953
001A    $03004:28-02-13 
001B    $01999:02-09-22 $t18:48:48.000 
001D    $03004:15-05-13 
001U    $0utf8 
001X    $00 
002@    $0Aau 
003@    $0318339536 
004A    $083-7629-364-8 
004A    $A978-83-7629-364-6 
006L    $0BV040745483 $2BVB 
007A    $0BV040745483 $aBVB 
010@    $apol 
011@    $a2012 
013H    $0k 
021A    $aJan Józef Lipski z perspektywy XXI wieku $hInstytut Pamie̢ci Narodowej, Komisja Ścigania Zbrodni Przeciwko Narodowi Polskiemu. Pod red. Konrada Rokickiego 
028C    $#Rokicki, K. $D20220215 $Ecgwrk $71170192475 $8Rokicki, Konrad$Z1976- [Tp3] $9438318501 
033A    $pWarszawa $nInstytut Pamie̢ci Narodowej, Komisja Ścigania Zbrodni Przeciwko Narodowi Polskiemu 
034D    $a166 S. 
034M    $aIll. 
044K    $#Lipski, Jan J. $7119515148 $8Lipski, Jan Józef$Z1926-1991 [Tp1] $9087854775 

lok: 31833953 24
101B    $015-05-13 $t10:12:38.000 
101C    $015-05-13 
101U    $0utf8 
145Z/01 $a2 L 1298 

exp: 31833953 24 1 #EPN
201B/01 $015-05-13 $t10:15:02.000 
201C/01 $028-02-13 
201U/01 $0utf8 
203@/01 $066616536X 
208@/01 $a15-05-13 $bz 
209A/01 $a13.03241 $du $f050 $h13 03241 $x00 
209C/01 $a13.03241 K $h13 03241 K 
209G/01 $a73227291 $x00 
220C/01 $anie 
244Z/01 $#Lipski, Jan J. $7119515148 $8--Tp1--Lipski, Jan Józef$Z1926-1991 $x01 $9087854775 
247C/01 $8358050-7 Marburg, Bibliothek des Herder-Instituts Marburg $9102600961 

lok: 31833953 78

exp: 31833953 78 1 #EPN
201B/01 $020-01-20 $t13:59:47.000 
201C/01 $020-01-20 
201U/01 $0utf8 
203@/01 $01076390161 
208@/01 $a20-01-20 $be 
209A/01 $a/ $f000 $x00 
209A/01 $ab*p $x01 
220C/01 $apgar 
244Z/01 $#Generalgouvernement Polen $#Polska $#Rzeczpospolita Polska $#Polska Rzeczpospolita Ludowa $#Poland $#Pologne $#République Polonaise $#Generalne Gubernatorstwo w Polsce $#Polish People's Republic $#Polska Rzeczpospolita Polen $#PRL $#RP $#Polen Generalgouvernement $#Polska Generalgouvernement $#Besetzte Polnische Gebiete $#Besetztes Gebiet in Polen $#Okupowane Polskie Obszary $#Obszary Okupowane w Polsce $#Volksrepublik Polen $#Polska Rosyjska $#Republic Polen $#Respublika Pol'ša $#Pol'skaja Narodnaja Respublika $#République de Pologne $#Polen Links der Weichsel $#Polska po Lewej Stronie Wisły $#Lenkija $#Polija $#Gubernija Carstva Pol'skago $#Republik Polen $74046496-9 $8--Tg1--Polen $x01 $9085129801 
247C/01 $82080>Marburg/Lahn, Herder-Institut, Forschungsbibliothek, Bibliographieportal $9336309341
LEADER 00000cam a2200000 c 4500
001 318339536
003 DE-603
005 20220902184848.0
007 tu
008 130228s2012 xx |||| | u10||u|pol c
020 |a 8376293648 
020 |a 9788376293646 
035 |a (DE-599)BVBBV040745483 
035 |a (DE-604)BV040745483 
040 |a DE-603  |b ger  |c DE-603  |d DE-603 
041 |a pol 
245 0 0 |a Jan Józef Lipski z perspektywy XXI wieku  |c Instytut Pamie̢ci Narodowej, Komisja Ścigania Zbrodni Przeciwko Narodowi Polskiemu. Pod red. Konrada Rokickiego 
264 1 |a Warszawa  |b Instytut Pamie̢ci Narodowej, Komisja Ścigania Zbrodni Przeciwko Narodowi Polskiemu  |c 2012 
300 |a 166 S.  |b Ill. 
600 1 7 |a Lipski, Jan Józef  |d 1926-1991  |0 (DE-588)119515148  |0 (DE-603)087854775  |2 gnd 
700 1 |a Rokicki, Konrad  |d 1976-  |0 (DE-603)438318501  |0 (DE-588)1170192475  |2 gnd 
924 0 |9 Mb 50  |a (DE-603)66616536X  |b DE-Mb50  |c HES  |d c  |g 13.03241 
924 0 |9 2080  |a (DE-603)1076390161  |b DE-2080  |c HES  |d d  |g /